000 01017cam a2200289 i 4500
999 _c478389
_d478389
001 393522
003 NUST
005 20180528040427.0
008 800612r19791971nyua b 001 0 eng
010 _a 79052648
020 _a0486638340 :
_c$7.95
038 _aSNS Library
040 _aDLC
_cDLC
_dDLC
050 0 0 _aQC665.E4
_bR64 1979
082 0 0 _a537
100 1 _aRojansky, Vladimir Borisovich,
_d1900-
_910531
245 1 0 _aElectromagnetic fields and waves /
_cby Vladimir Rojansky.
260 _aNew York :
_bDover Publications,
_c1979.
300 _axvi, 464 p. :
_bill. ;
_c21 cm.
500 _aReprint of the 1971 ed. published by Prentice-Hall, Englewood Cliffs, N.J.
504 _aIncludes bibliographical references and index.
650 0 _aElectromagnetic fields.
_910532
650 0 _aElectromagnetic waves.
_910533
856 4 2 _3Publisher description
_uhttp://www.loc.gov/catdir/description/dover032/79052648.html
906 _a7
_bcbc
_corignew
_d2
_eocip
_f19
_gy-gencatlg
942 _2ddc
_cBK